<?xml version="1.0" encoding="UTF-8"?><collection xmlns="info:lc/xmlns/marcxchange-v2"><record format="Unimarc" type="bibliographic"><leader>00646nam  2200217   450 </leader><controlfield tag="001">2360788</controlfield><controlfield tag="003">http://id.bnportugal.gov.pt/bib/porbase/2360788</controlfield><controlfield tag="005">20100225112500.0</controlfield><datafield ind1=" " ind2=" " tag="010"><subfield code="a">9780198752721</subfield></datafield><datafield ind1=" " ind2=" " tag="035"><subfield code="a">ucjp004.iso/16-03-2011/4469</subfield></datafield><datafield ind1=" " ind2=" " tag="035"><subfield code="a">274487</subfield></datafield><datafield ind1=" " ind2=" " tag="100"><subfield code="a">20100225d2006    km y0pory0103    ba</subfield></datafield><datafield ind1="0" ind2=" " tag="101"><subfield code="a">eng</subfield></datafield><datafield ind1=" " ind2=" " tag="102"><subfield code="a">GB</subfield></datafield><datafield ind1="1" ind2=" " tag="200"><subfield code="a">Ancient Philosophy</subfield><subfield code="f">Anthony Kenny</subfield></datafield><datafield ind1=" " ind2=" " tag="210"><subfield code="a">Oxford</subfield><subfield code="c">Oxford University Press</subfield><subfield code="d">2006</subfield></datafield><datafield ind1=" " ind2=" " tag="215"><subfield code="a">XXII, 342 p.</subfield><subfield code="d">24 cm</subfield></datafield><datafield ind1="2" ind2=" " tag="225"><subfield code="a">?A ?new history of western Philosophy</subfield><subfield code="v">1</subfield></datafield><datafield ind1=" " ind2=" " tag="675"><subfield code="a">1(1-15)(091)</subfield><subfield code="v">2med</subfield><subfield code="z">fre</subfield></datafield><datafield ind1=" " ind2=" " tag="675"><subfield code="a">1(091)</subfield><subfield code="v">2med</subfield><subfield code="z">fre</subfield></datafield><datafield ind1=" " ind2="1" tag="700"><subfield code="a">Kenny</subfield><subfield code="b">Anthony</subfield></datafield><datafield ind1=" " ind2="0" tag="801"><subfield code="a">PT</subfield><subfield code="b">UCJPII</subfield><subfield code="g">RPC</subfield></datafield></record></collection>